000 00813nam a2200229Ii 4500
003 JO-AjNU
008 230605s9999||||xx |||||||||||||| ||und||
017 _a2002/3516
020 _a99901-06-15-0
040 _aJO-AjNU
_bara
_erda
_cJO-AjNU
041 _aara
050 1 4 _aK487.M375.2012
100 3 _aالمشهداني، محمد,
_eauthor
_953107
245 0 0 _aالقانون الدستوري والنظم السياسية : الدولة والحكومة
250 _aط2
264 3 1 _aالبحرين : جامعة البحرين ، 2012
300 _a350ص
_bيشتمل على مصادر ص (327-336)
336 _atext
_btxt
_2rdacontent
337 _aunmediated
_bn
_2rdamedia
338 _avolume
_bnc
_2rdacarrier
650 4 _aالقانون الدستوري -- النظم السياسية
_953108
999 _aA23566
_c27134
_d27134